00745nam a22002177a 4500003000900000005001700009008003200026020001600058040002200074082001700096100004300113245007300156250002100229260003400250300002800284942001200312945003700324952011600361956003300477999001700510DO-SdBNP20171130101154.0171117b 2012| |||| 00| 0 spa d a18817321187 aBPMSUbspacBPMSU axxxxxbxxxxx1 aRodríguez Nietzsche, Vicente,d1942-1 aAl compás del amor :bselección /cVicente Rodríguez Nietzsche a2a ed. Aumentada aPuerto Rico :bIguana,c2012. a135 p. :bil. ;c21 cm. 2ddccBK aInventariado extranjero /2017 BT 00102ddc40708CGaBPMETbBPMETd2017-11-17eBNPHUl0oxxxxx xxxxxpBPMSU17110255r2017-11-17w2017-11-17yBK aBTAVAREZb10c20171117d0038 c12947d12947